Μαθήματα βάσεων δεδομένων : μία αναλυτική προσέγιση με λυμένα παραδείγματα και ασκήσεις

Αποθηκεύτηκε σε:
Λεπτομέρειες βιβλιογραφικής εγγραφής
Κύριος συγγραφέας: Βερύκιος, Βασίλης
Μορφή: Βιβλίο
Γλώσσα:Greek
Δημοσίευση: Αθήνα : Τζιόλας, c2014.
Θέματα:
Ετικέτες: Προσθήκη ετικέτας
Δεν υπάρχουν, Καταχωρήστε ετικέτα πρώτοι!

MARC

LEADER 00000cam a2200000 i 4500
001 1/64957
008 150126t2014 gr gre d
020 |a 978-960-418-438-5 (pbk.)  
035 |l 10120690 
040 |a GR-MY-UA  |b gre  |e aacr 
041 0 |a gre 
082 0 |a 005.74  |2 (23) 
100 1 |a Βερύκιος, Βασίλης. 
245 1 0 |a Μαθήματα βάσεων δεδομένων :   |b μία αναλυτική προσέγιση με λυμένα παραδείγματα και ασκήσεις /  |c Βασίλης Βερύκιος 
260 |a Αθήνα :   |b Τζιόλας,   |c c2014.  
300 |a 173 σ.:   |b σχέδια;   |c 24 εκ.  
504 |a Βιβλιογραφία: σ.173 
650 0 0 |a Database management. 
852 |a INST  |b CHIOS  |c EUDOXUS  |e 20150126  |h 005.74 ΒΕΡ  |p 005200035744  |q 005200035744  |t EDX  |y 0 
852 |a INST  |b CHIOS  |c EUDOXUS  |e 20220322  |h 005.74 ΒΕΡ  |p 005200039493  |q 005200039493  |t EDX  |y 0 
901 |a BIBL2-2015-1 
909 |a Χ  |b 181155 
920 |a ΕΥΔΟΞΟΣ  |b ΕΠΙΣΤΡΟΦΗ  |y Χίος  |z 2015-01 
920 |a Εύδοξος  |b Επιστροφή  |y Χίος  |z 2022-03  
970 |a ΣΠΕΝΤΖΑ  |b ΕΛΕΝΗ  |z 2015/01/26